000 00327nam a2200133Ia 4500
005 20251222143152.0
008 251222s9999||||xx |||||||||||||| ||spa||
020 _a85-86720-03-8
082 _a577.816.4/P36
100 _aPedrazzi, Iria
245 0 _aFloriaƱapolis Ilha da Naturaleza
264 _bMares Do Sul
942 _cLIB
999 _c12739
_d12739